Ghana Städte - Statistiken

Allgemein
  • Dieses Quiz wurde 13 mal gespielt
  • Das Durchschnittsergebnis liegt bei 3 aus 21
Antwortstatistiken
Hint Antwort % Korrekt
unten Accra
100%
unten Kumasi
83%
oben Wa
33%
oben Wale Wale
17%
oben Baku
8%
oben Bunkpurugu
8%
oben Garu
8%
oben Gushiegu
8%
oben Hamile
8%
oben Lawra
8%
oben Nalerigu
8%
oben Navrongo
8%
oben Sandem
8%
oben Tumu
8%
oben Bologatanga
0%
oben Chereponi
0%
oben Jirapa
0%
oben Kumbungu
0%
oben Nondom
0%
oben Savelugu
0%
oben Zevilla
0%
Keine übereinstimmenden Quizze gefunden
Verteilung der Resultate
Anzahl Personen mit jedem Resultat
Perzentil nach korrekt beantworteten Fragen
Ihre Resultats-Entwicklung
Sie haben dieses Quiz noch nicht gespielt